LIBRARY & INFORMATION CENTRE, KCAET, TAVANUR

ONLINE PUBLIC ACCESS CATALOGUE (OPAC)

History of europe : since 1815 (Record no. 620)

MARC details
000 -LEADER
fixed length control field 00359cam a2200157ua 4500
041 ## - LANGUAGE CODE
Language code of text/sound track or separate title eng
082 ## - DEWEY DECIMAL CLASSIFICATION NUMBER
Classification number 940
Item number LIT/HI
100 ## - MAIN ENTRY--AUTHOR NAME
Personal name Littlefield, Hennry W.
245 ## - TITLE STATEMENT
Title History of europe : since 1815
250 ## - EDITION STATEMENT
Edition statement 20 /
260 ## - PUBLICATION, DISTRIBUTION, ETC. (IMPRINT)
Place of publication Newyork :
Name of publisher Barnes & Noble Inc ,
Year of publication 1961.
300 ## - PHYSICAL DESCRIPTION
Number of Pages 322 ; .
942 ## - ADDED ENTRY ELEMENTS (KOHA)
Koha item type Books
Holdings
Withdrawn status Lost status Damaged status Home library Current library Date acquired Full call number Accession Number Koha item type
Withdrawn     KAUAET Central Prison Tavanur 07/04/2012 940 596 Books
free website counter